000 01234nac a22003497a 4500
001 BR8200593
003 BR-BrBNA
005 20240105115223.0
008 230509b bl.|||m| |||| 00| 0 por d
040 _aBR-BrBNA
_bpor
_cBiblioteca Nacional de Agricultura
072 _aF00; F60
090 _a1000 BR8200593
100 1 _aCoelho, Y. da S.
100 1 _aPassos, O.S.
100 1 _aCunha Sobrinho, A.P. da
110 1 _aCentro Nacional de Pesquisa de Mandioca e Fruticultura, Cruz das Almas, BA (Brasil)
_91783
245 1 _aRejuvenescimento de pomares citricos com o uso da poda [Melhoramento vegetal; Crescimento; Fruta citrica]
246 1 _a[Rejuvenation of citrus orchards by means of pruning [Plant breeding; Growth; Citrus]]
260 3 _aCruz das Almas, BA (Brasil):
_c1981.
300 _a3 p.
490 _aPesquisa em Andamento - Centro Nacional de Pesquisa de Mandioca e Fruticultura (Brazil)
_vno. 10
_x
500 _a5 ref.
650 _aProducao vegetal
650 _aFisiologia vegetal
650 _aFruta citrica
650 _aPoda
650 _aMelhoramento vegetal
650 _aCrescimento
650 _aPomar
909 _a202312
_bLúcia Elande
_c55
_dLúcia Elande
942 _2AGRIS
_n0
_cMS
999 _c273725
_d273725